| 000 | 00527nam a22001817a 4500 | ||
|---|---|---|---|
| 100 | _aTerrach, L | ||
| 245 | _aModelling study of reinforcement and rupture in strain-crystallizing elastomer networks | ||
| 260 | _bKautschuk Gummi Kunststoffe, 76(3): 2023. 62-71. | ||
| 300 | _bJune | ||
| 650 | _aCrack formation | ||
| 650 | _aElastomer networks | ||
| 650 | _aMolecular modeling | ||
| 650 | _aReinforcement | ||
| 650 | _aStrain-induced crystallisation | ||
| 700 | _aHentschke, R | ||
| 700 | _aWeilert, J. | ||
| 942 | _cJS | ||
| 999 |
_c75281 _d75281 |
||